000 00649nam a22002297a 4500
003 UA-OsUOA
001 97110
007 ta
008 20130326b un ||||| |||| 00| 0 ukr d
100 _aОлейник Б.
090 _a821.161.2
_bО-53
942 _cBK
040 _aUA-OsUOA
_brus
_cUA-OsUOA
_dUA-OsUOA
245 _aИзбранное
_bстихотворения и поэмы
300 _a366 с.
955 _a3
041 _arus
080 _a821.161.2
260 _aМ.
_bХудожественная литература
_c1985
650 7 _a82 Література. Літературознавство
_2UDC
999 _c383363
_d383363